| 000 | 00547nam a22002057a 4500 | ||
|---|---|---|---|
| 005 | 20251002150626.0 | ||
| 020 |
_a9781844809868 _cTZS 30,822/= |
||
| 040 |
_aMCCL _bend. _eAACR 2nd rev. ed. |
||
| 082 | _a658.1511 DRU | ||
| 100 | _aDrury, Colin | ||
| 245 |
_aManagement and cost accounting/ _cColin Drury. |
||
| 250 | _a7th ed. | ||
| 260 |
_aLondon: _bCengage Learning; _cc2008. |
||
| 300 |
_axxiii,775p.: _bCol., ill.; _c26 cm. |
||
| 546 | _aeng. | ||
| 650 | _aManagement | ||
| 650 | _aCost accounting | ||
| 700 | _aDrury, Colin | ||
| 942 | _cBK | ||
| 999 |
_c11640 _d11640 |
||